| 000 | 00914nam a22002297a 4500 | ||
|---|---|---|---|
| 999 |
_c12157 _d12157 |
||
| 003 | AR-CdUCM | ||
| 008 | 190408b ||||| |||| 00| 0 spa d | ||
| 040 |
_aMUNICIPALIDAD PROVINCIAL DEL CUSCO _cBIBLIOTECA MUNICIPAL DEL CUSCO |
||
| 082 |
_aC / 573.7 / _bQ37 / 1946 |
||
| 100 |
_aQuevedo, Sergio A. _929859 |
||
| 245 | _aLa tele-radiografía en el estudio de las deformaciones craneanas / | ||
| 260 |
_aCusco : _bH.G. Rozas Sucs, _c1946. |
||
| 300 |
_a24 páginas ; _bilustraciones, diagramas, cuadro, _c22 cm. |
||
| 500 | _aAntes del título: Edición conmemorativa del CCL aniversario de la Universidad Nacional del Cuzco. | ||
| 650 |
_aCraneología _97208 |
||
| 650 |
_aDeformaciones _929860 |
||
| 650 |
_aRadiología _921318 |
||
| 650 |
_aCráneos _929861 |
||
| 700 |
_aImbelloni, José (Deformaciones intencionales del cráneo en Sud América) _929862 |
||
| 942 |
_2ddc _cLIBROS |
||
| 945 |
_aachl _d2019-04-08 |
||